Гидрогеологическая типизация Бакчарского железнорудного месторождения и прогноз условий его освоения; Проблемы и перспективы развития минерально-сырьевой базы и предприятий ТЭК Сибири

Bibliographic Details
Parent link:Проблемы и перспективы развития минерально-сырьевой базы и предприятий ТЭК Сибири.— 2005.— С. 125-128.
Main Author: Ермашова Н. А.
Language:Russian
Published: 2005
Subjects:
Format: Book Chapter
KOHA link:https://koha.lib.tpu.ru/cgi-bin/koha/opac-detail.pl?biblionumber=97184

MARC

LEADER 00000naa2a2200000 4500
001 97184
005 20231031110816.0
035 |a (RuTPU)RU\TPU\book\104179 
090 |a 97184 
100 |a 20060524d2005 k y0rusy50 ca 
101 0 |a rus 
102 |a RU 
200 1 |a Гидрогеологическая типизация Бакчарского железнорудного месторождения и прогноз условий его освоения  |f Н. А. Ермашова 
320 |a Библиогр.: 2 назв. 
463 0 |0 (RuTPU)RU\TPU\book\66225  |t Проблемы и перспективы развития минерально-сырьевой базы и предприятий ТЭК Сибири  |o материалы межрегиональной научно-практической конференции, Томск, 2005 г.  |f Межрегиональная ассоциация "Сибирское соглашение"; Территориальное агентство по недропользованию по Томской области; Томский политехнический университет; Сибирское отделение РАН; ОАО "Томскнефть"; Томский научно-исследовательский институт нефти и газа (ТомскНИПИнефть ВНК); Проблемы и перспективы развития минерально-сырьевой базы и предприятий ТЭК Сибири, межрегиональная научно-практическая конференция; [гл. ред. В. Г. Емешев]  |v С. 125-128.  |d 2005  |p 339 с. 
610 1 |a типизация 
610 1 |a месторождения 
610 1 |a гидрогеологическая типизация 
610 1 |a Бакчарское месторождение 
610 1 |a железнорудные месторождения 
610 1 |a освоение 
610 1 |a природные ресурсы 
610 1 |a труды учёных ТПУ 
700 1 |a Ермашова  |b Н. А. 
801 1 |a RU  |b 63413507  |c 20060524  |g PSBO 
801 2 |a RU  |b 63413507  |c 20151119  |g PSBO 
942 |c BK